Documentos para la historia : (Registro nro. 30475)

Detalles MARC
000 -LEADER
fixed length control field 01085nam a2200241Ia 4500
003 - CONTROL NUMBER IDENTIFIER
control field CO-CtgCURN
005 - DATE AND TIME OF LATEST TRANSACTION
control field 20250409212008.0
008 - FIXED-LENGTH DATA ELEMENTS--GENERAL INFORMATION
fixed length control field 190726s2011 xx g 000 0 spa d
020 ## - INTERNATIONAL STANDARD BOOK NUMBER
International Standard Book Number 9789588736105 (vol I)978-958-873-611-2 (vol. II)
040 ## - CATALOGING SOURCE
Original cataloging agency CO-CtgCURN
Language of cataloging spa
Transcribing agency coctgcurn
082 ## - DEWEY DECIMAL CLASSIFICATION NUMBER
Classification number 986.114
Item number C823d
100 ## - MAIN ENTRY--PERSONAL NAME
Personal name Corrales, Manuel Ezequiel
9 (RLIN) 1693
245 #0 - TITLE STATEMENT
Title Documentos para la historia :
Remainder of title de la provincia de Cartagena de Indias, hoy Estado soberano de Bolívar, en la unión colombiana /
Statement of responsibility, etc. Manuel Ezequiel Corrales
260 ## - PUBLICATION, DISTRIBUTION, ETC.
Place of publication, distribution, etc. Cartagena de Indias, Bolívar :
Name of publisher, distributor, etc. Universidad de Cartagena,
Date of publication, distribution, etc. 2011
300 ## - PHYSICAL DESCRIPTION
Extent 2 volúmenes ;
Dimensions 21 centímetros
490 ## - SERIES STATEMENT
Series statement Colección Biblioteca Bicentenario de la Independencia de Cartagena de Indias
521 ## - TARGET AUDIENCE NOTE
Target audience note AREA BASICA
590 ## - LOCAL NOTE (RLIN)
Local note Todos los programas acádemicos
651 ## - SUBJECT ADDED ENTRY--GEOGRAPHIC NAME
Geographic name Cartagena de Indias
General subdivision Historia
Geographic subdivision Colombia
9 (RLIN) 1694
942 ## - ADDED ENTRY ELEMENTS (KOHA)
Koha item type Libros
Classification part 986.114
Item part C823d
Source of classification or shelving scheme Dewey Decimal Classification
Existencias
Withdrawn status Lost status Source of classification or shelving scheme Damaged status Not for loan Collection Home library Current library Shelving location Date acquired Inventory number Total checkouts Full call number Barcode Date last seen Copy number Price effective from Koha item type
    Dewey Decimal Classification       Miguel Henríquez Castañeda Barranquilla Miguel Henríquez Castañeda Barranquilla General 05/23/2018 03907   986.114 C823d 03907 07/26/2019 v.1 ej.1 07/26/2019 Libros
    Dewey Decimal Classification       Miguel Henríquez Castañeda Barranquilla Miguel Henríquez Castañeda Barranquilla General 05/23/2018 03908   986.114 C823d 03908 07/26/2019 v.2 ej.1 07/26/2019 Libros